| 000 | 00427nam a2200121Ia 4500 | ||
|---|---|---|---|
| 008 | 220620s9999||||xx |||||||||||||| ||und|| | ||
| 245 | 0 |
_aDrug Policies and Development _bConflict and Coexistence |
|
| 546 | _aEnglish[eng] | ||
| 650 | _aInternational relations | ||
| 700 | _aBuxton, Julia||Chinery-Hesse, Mary||Tinasti, Khalid | ||
| 856 | _uhttps://library.oapen.org/bitstream/20.500.12657/42548/1/9789004440494.pdf | ||
| 942 | _cEB | ||
| 999 |
_c34622 _d34622 |
||